000 00289nam a22001337a 4500
020 _a0-7214-1221-1
082 _a823
_bGRO/B
100 _aGROVES, PAUL
245 _aBANGERS & MASH EGG IS EGGS
250 _a1
260 _aUK
_bLADY BIRD
650 _aENGLISH SHORT STORY
_zUK
942 _cBK
999 _c2087
_d2087